00808nam a2200205 450000100060000000300080000600500170001400800410003103500190007204000350009104100080012608200250013410000260015924501110018526000740029630000390037050001190040965000270052865000470055577039BD-RjUL20211209082923.0200217r19841976us a|||||mb|| 00| 0 eng d a(BD-RjUL)77263 aBD-RjULbengcBD-RjULdBD-RjUL aeng 223a658.84bCAO 19841 aCavusgil, Salih Tamer10aOrganizational determinants of firms' export behavior : ban empirical analysis /cby Salih Tamer Cavusgil aMichigan:bUniversity Microfilms International, c1976 [Printed 1984] aviii, 195 leaves :bIll. ;c20 cm. a"Originally Presented as the author's Thesis" Thesis (Ph. D.) -- Business, University of Wisconsin--Madison, 1976 aExport marketing.  aDomestic international sales corporations.